| 000 | 00635nam a2200229Ia 4500 | ||
|---|---|---|---|
| 008 | 160418s9999 xx 000 0 und d | ||
| 020 | _a971-574-083-9 | ||
| 050 | _aFIL GV 361 | ||
| 050 | _b.T85T43 2004 c.3 | ||
| 100 | _aTulio, Doris D. | ||
| 245 | _aTeam sports : | ||
| 245 | _bP. E. 4 / | ||
| 245 | _cDoris D. Tulio… [et al] | ||
| 260 | _aMakati City: | ||
| 260 | _bGoodwill Tradaing Co., Inc., | ||
| 260 | _c2004 | ||
| 300 | _a97 pages : | ||
| 300 | _billustrations ; | ||
| 300 | _c25 cm. | ||
| 650 | _aPhysical education for college students. | ||
| 650 | _xPhysical education and training -- Study and teaching. | ||
| 999 |
_c293380 _d293380 |
||